000 00346nam a2200133Ia 4500
005 20260328101448.0
008 260328s9999||||xx |||||||||||||| ||und||
100 _aArnell, Peter
245 0 _aRobert A.M. Stern :
_b Building and projects 1965-1980 /
_cPeter Arnell
260 _bRizzoli
300 _a254 p.
650 _aARQUITECTOS
942 _cBK
999 _c8532
_d8532